000 01272nam a22002297a 4500
001 3341
003 FISKH
005 20240228153403.0
008 240228b cb ||||| |||| 00| 0 eng d
020 _a9781929683222
040 _aFISKH
_beng
_cFISKH
_dFISKH
050 _aPE1130.C4
082 _a372.4
100 _aStrayer, Debbie
245 _aLearning language arts through literature:
_bThe yellow book /
_cby Debbie Strayer and Susan Simpson
260 _aUnited States :
_bCommon Sense,
_c1998.
300 _a302 pages :
_billustrations ;
_c28 cm
520 _a36 weekly lessons (which includes 4 Book Studies) divided into easy-to-use daily plans. The following 4 books may be used for the Book Studies or you may use other stories which are included in the book: The White Stallion by Elizabeth Shub Madeline by Ludwig Bemelmans Meet George Washington by Joan Heilbroner The Courage of Sarah Noble by Alice Dalgliesh Integrated language lessons include: phonics, reading, spelling, grammar, phonics review and higher order thinking skills. Spelling: Focus on Spelling tips help with memorization of spelling rules. Suggested spelling lists are included for each lesson!
650 _aLanguage Arts
_xGrammar
942 _2ddc
_cBK
_n0
999 _c3341
_d3341